000 00767cab a2200241 4500
001 WB3511-33
008 090401t1999 xxu||||| |||| 00| 0 eng d
035 _a(Sirsi) u92156
041 _aeng
245 _aDefinition of strategic planning for London
260 _c1999
350 _a0
490 _aDETR News Release
_v(234) 15 March 1999, (3)
520 _aThe Minister for London has confirmed the definition of planning applications with London-wide importance which will be looked at by the new Mayor of London.
650 _aLONDON
650 _aLONDON-WIDE AUTHORITY
650 _aMAYOR OF LONDON
650 _aPLANNING APPLICATIONS
650 _aSTRATEGIC PLANNING
690 _aPLANNING LAW AND PRACTICE
942 _n0
948 _c17/03/1999
999 _c58428
_d58428